000 00497nam a2200169Ia 4500
008 090711s9999 xx 000 0 und d
082 _b45863
100 _aगांगल वसंत
245 _aन कळत सारे घडले
260 _c1982
300 _a215
600 _aगांगल वसंत
630 _aन कळत सारे घडले
700 _aगांगल वसंत
730 _aन कळत सारे घडले
942 _cBOOK
999 _c298323
_d298323